Rechtswissenschaft und Soziologie

Elmentve itt :
Bibliográfiai részletek
Szerző: Kantorowicz Hermann U.
Dokumentumtípus: Cikk
Megjelent: 1911
Sorozat:Kolligátum
Online Access:http://misc.bibl.u-szeged.hu/22804
LEADER 00508nab a2200157 i 4500
001 misc22804
005 20191111110540.0
008 170721s1911 hu o 0|| zxx d
040 |a SZTE Miscellanea Repozitórium  |b hun 
041 |a zxx 
100 1 |a Kantorowicz Hermann U. 
245 1 0 |a Rechtswissenschaft und Soziologie  |h [elektronikus dokumentum] /  |c  Kantorowicz Hermann U. 
260 |c 1911 
300 |a 1-35 
490 0 |a Kolligátum 
856 4 0 |u http://misc.bibl.u-szeged.hu/22804/1/03332_001-035.pdf  |z Dokumentum-elérés